Evolution by natural selection
Gespeichert in:
| Format: | Buch |
|---|---|
| Sprache: | Undetermined |
| Veröffentlicht: |
New York
Johnson Reprint Corporation
1971
|
| Schlagworte: | |
| Tags: |
Tag hinzufügen
Keine Tags, Fügen Sie den ersten Tag hinzu!
|
| Thư viện lưu trữ: | Trung tâm Học liệu Trường Đại học Cần Thơ |
|---|
| LEADER | 00546nam a2200169Ia 4500 | ||
|---|---|---|---|
| 001 | CTU_168068 | ||
| 008 | 210402s9999 xx 000 0 und d | ||
| 082 | |a 576.8 | ||
| 082 | |b D228 | ||
| 245 | 0 | |a Evolution by natural selection | |
| 245 | 0 | |c Charles Darwin, Alfred Russel Wallace | |
| 260 | |a New York | ||
| 260 | |b Johnson Reprint Corporation | ||
| 260 | |c 1971 | ||
| 650 | |a Evolution ( biology ),Genetics,Heredity,Di truyền học,Thuyết tiến hóa | ||
| 910 | |a Nguyên | ||
| 980 | |a Trung tâm Học liệu Trường Đại học Cần Thơ | ||